Quizzes
Events
Quiz Creation
Community
Videos
Private Events
Remove Ads
Sign In
Join for FREE
Feedback
Dark Mode
Quiz Categories
Sports
Geography
Music
Movies
Television
Just For Fun
Miscellaneous
History
Literature
Language
Science
Gaming
Entertainment
Religion
Holiday
For Kids
Quiz Lab
Recent
Popular Today
Quiz Kudos Today
Editor Picks
Curator Picks
Quizzes by...
Day
Popularity
Type
Ratings
Length
Year
Community
Subscriptions
Recent Discussions
Orange Saloon
Badges
Playlists
Quests
Create
Leaderboards
Showdown
Live 5
Trivia Bingo
Activity
Puzzle Library
Sporcle Events
Private Events
Virtual Trivia
Globe League
Become a Host
Pub Owners
SporcleCon
Opinionation
Our Games
Videos
Blog
Mobile Apps
Partnerships
Remove Ads and Go Orange
Feedback
Gaming
Video Games
Board Games
Card Games
Pokémon
Mario
Nintendo
Minecraft
Console
Toys
Legend of Zelda
Gaming
Video Games
Board Games
Card Games
Pokémon
Mario
Nintendo
Minecraft
Console
Toys
Legend of Zelda
Random Quiz
Search Sporcle
×
Quiz Lab
Quiz Lab
Gaming
Final Fantasy
Type in answers that appear in a list
Type in answers that appear in a list
Classic
Best Score? Go Orange.
Final Fantasy character by first line Stats
Can you name the Final Fantasy characters given the first line they speak in-game?
By
dnp42
10m
55 Questions
373 Plays
373 Plays
373 Plays
Comments
Comments
Give Quiz Kudos
Give Quiz Kudos
-
- Ratings
hide this ad
More Info
Forced Order
Answers have to be entered in order
Answers have to be entered in order
Replay
Link that replays current quiz
Next Quiz
Link to next quiz in quiz playlist
You Got
0%
They Got
Avg Score
65%
Avg Friend Score
Upgrade to see
Score Distribution
Jump to the score distribution portion of the page
Score
0/55
Timer
10:00
0
Plays Today
Line
Character
% Correct
C'mon newcomer. Follow me.
Barret
87.3%
Marlene! Aren't you going to say anything to Cloud?
Tifa
86.8%
I prefer the term 'treasure hunting'!
Locke
81.9%
Huff, huff, heave, heave... D-
Do you have any... hot dogs left?
Zell
81.7%
Listen to my story. This may be our last chance.
Tidus
80.9%
Hey! Cecil! How's my airship doing? What's wrong?
Cid
80.6%
As a specimen, she is inferior to her mother.
Hojo
80.3%
Cecil! You are not hurt? I was so anxious.
Rosa
79.8%
You're the best looking guy here.
Rinoa
79.5%
I'm late. I'm late. I'm LATE!!!
Selphie
79%
My sweet little magic user... Uwee-
hee-
hee!
Kefka
79%
Boko, wait here, okay?
Bartz
78.2%
Hey! Stop dreaming! You, with a woman? You can't even catch a ball!
Jecht
77.1%
Excuse me. What happened?
Aeris
76%
Sure is dark... Guess nobody's here yet...
Zidane
76%
Grandpa, who're they? Are they friends? Can they use magic, too?
Relm
75.7%
Her majesty is busy! Come back later!
Steiner
75.5%
Mommy! Mommy!
Rydia
74.7%
Your majesty! Cecil didn't...
Kain
73%
…To wake me from the nightmare
Vincent
72.8%
Where am I...?
Terra
71.2%
Father! Do you really have to go?
Lenna
70.1%
Uwaoo~!!
Gau
69.5%
Give it up, Vargas!
Sabin
69%
Hey! Rubicant! I was waiting for this day!
Edge
68.7%
SEIFER. DRINK?
Fujin
68.5%
He's rather strong. I'll help you all out.
Red XIII
67.4%
Galuf. It's good to see you again... for it means I have returned! Mwa-
hahahahaha!
Exdeath
66%
Line
Character
% Correct
BANG!
Irvine
66%
Man...... I can't believe I lost...
Yuffie
66%
...SeeD......SeeD......SeeD...SeeD, SeeD, SeeD! Kurse all SeeDs.
Ultimecia
65.5%
Grandpa! Grandpa! I'm so glad you're okay!
Krile
64.7%
Soldiers of the Empire! We stand at the dawn of a new age!
Gestahl
62.3%
Um... Would you please let me pass?
Dagger
62.3%
The wind just... stopped...
Faris
61.7%
No interruptions! Can't you see I'm watching the show!?
Brahne
61.5%
I find this rain quite pleasant…
Kuja
60.9%
You stand before the final dimension, and I am the darkness of eternity…
Necron
60.9%
You mean, THIS young woman…?!
Edgar
60.6%
In dark times she must be. She must shine bright.
Kimahri
60.4%
Hey, monkey-
tail, you're disturbing the other customers.
Freya
60.1%
Why so upset, Kain?
Golbez
59.3%
I was waiting for you.
Auron
57.1%
So you are that Baronian guy, aren't you? I'm gonna help you. So thank me!
Palom
56.3%
A moment, Sir! Allow me the honor!
Cyan
56.1%
How can you serve those cowards…
Celes
55.8%
ACHOOOO!
Yang
51.2%
…Can I drink somethin'? I'd like some water, ya know.
Raijin
49.3%
Hey you!! What're you lookin' so down for!?
Cait Sith
48%
I've got to hurry!
Galuf
47.7%
I am [name], master of the simulacrum...
Gogo
45%
Huh? I told you not to bother me when I'm reading!
Mid
36.7%
Ooo, them's fascinating clothes you're wearing.
O'aka
30.2%
Oh, horsefeathers.
Cid
29.9%
What? WHAT IS IT?
Ultros
24.5%
Quiz Playlist
Details
Report
Send in Message
Add To Playlist
More Info:
Note: All lines are from the first official US release of each game.
Classic:
Type in answers that appear in a list
Forced Order:
Answers have to be entered in order
Last Updated: Feb 16, 2017
Quiz Scoreboard
CHALLENGE
Sign Up to Join the Scoreboard
Show All
Scores
Hide
Comments
May contain spoilers
Recently Published
Presidents Visiting Landmarks
by Hejman
History
7m
An Introduction to Baseball
by treessimontrees
Sports
5m
Movies - When Are They Set?
by FPL_Elf
Movies
5m
More to Explore
Quiz From the Vault
Featured Blog Post
Where Did the Easter Bunny Come From?
hide this ad
You Might Also Like...
Tags
Character
Fantasy
final
Final Fantasy
in-game
speak
Today's Top Quizzes in Gaming
Browse Gaming
hide this ad
Today's Top Quizzes in Final Fantasy
Browse Final Fantasy
Top Contributed Quizzes in Gaming
1
5-to-1: Consoles
2
5-to-1: Legend of Zelda
3
7-to-1: Board Game Piece Blitz
4
Destiny 2 exotic weapons by perk icons
5
Ultimate Genshin Impact Logic Puzzle (up to 4.3)
6
Franchise by Action Figure
7
Genshin Impact Logic Puzzle Quiz
8
Who's on the WWE 2K24 Cover?
9
Overwatch Logic Puzzle
10
League of Legends Pro Players by Career/Team History
Explore More
Trending Topics
Crossword
Anime
NBA
Harry Potter
Marvel
Disney
Kpop
NFL
The Office
WWE
Song
Pokémon
Soccer
Country
Puzzle
hide this ad
More By:
dnp42
Quiz
Plays
Rating
Category
Featured
Created
Musical Story Origins
45,186
4.52
Entertainment
Sep 13, 2010
Star Wars Deaths
8,261
2.48
Movies
Oct 12, 2009
Gettysburg Commanders
3,489
4.88
History
Oct 12, 2009
1-36 Logic Puzzle
2,583
4.09
Just For Fun
Sep 28, 2013
A Game of Thrones - Appendix Characters
2,552
4.33
Literature
Sep 24, 2013
Go to Creator's Profile
Score Distribution
Quiz Creator Spotlight
dnp42
Follow
Send a Message
Quizzes Created
-
Created Quiz Play Count
-
More By This Creator
Popular Quizzes Today
1
Find the US States - No Outlines Minefield
2
Find the Countries of Europe - No Outlines Minefield
3
The Countries of the World
4
Find the US States
5
Popular People in 1961
6
US States
7
Risky Map Clicking: Biggest States A-Z
8
Movies - When Are They Set?
More Gaming Quizzes
Turtles in Time: Level Select
Quiz Lab
Trending Quizzes
Risky Map Clicking: Least Populous States A-Z
1-10 Letter G Words
1-10 Letter F Words
Risky Map Clicking: Next State Alphabetically
Risky Map Clicking: Biggest States A-Z
Recently Updated
Leaping Animals
pecheneg
Reality TV Shows (A-Z)
bhenderson79
Rickey Henderson's Hall of Fame Teammates
pecheneg
Champions League XIs: Arsenal
pecheneg
Quick Pick: Celebrities in WWE's Hall of Fame
aduchscher
A-Z Keypad Blitz II
pecheneg
Multiple Oscar Actors
pecheneg
Mystery Phrase Blitz: Oscar 'Best Actors'
pecheneg
F. Scott Fitzgerald Novels
LTH
Pick 3 Villains
ddd62291
Trending Topics
Harry Potter
Crossword
Disney
Anime
Marvel
NBA
Kpop
Pokémon
NFL
Puzzle
The Office
WWE
Country
Soccer
Song
Your Account Isn't Verified!
In order to create a playlist on Sporcle, you need to verify the email address you used during registration. Go to your
Sporcle Settings
to finish the process.
Report this User
Report this user for behavior that violates our
Community Guidelines
.
Details:
Send Report
Go to the Sporcle.com Mobile Site →
Comments